| 000 | 01336naa a22003377a 4500 | ||
|---|---|---|---|
| 001 | BR8901233 | ||
| 003 | BR-BrBNA | ||
| 005 | 20240918180433.0 | ||
| 007 | ta | ||
| 008 | 230509b bl.||||| |||| 00| 0 por d | ||
| 040 |
_aBR-BrBNA _bpor _cBiblioteca Nacional de Agricultura |
||
| 041 | _a(Pt) | ||
| 072 | _aQ01; Q54; C10 | ||
| 090 | _aQ01 BR8901233 | ||
| 100 | 1 | _aAmaral, C.F. | |
| 100 | 1 | _aFujii, A.K. | |
| 100 | 1 | _aQueiroz, M.R. | |
| 100 | 1 | _aPiza, J.T. | |
| 111 | 1 |
_a16. Congresso Brasileiro de Engenharia Agricola _cJundiai, SP (Brazil) _d13-17 Jul 1987 |
|
| 245 | 1 | _a8 - Pesquisa, ensino e extensao: estruturacao da disciplina Projetos de Sistemas de Pre-processamento | |
| 246 | 1 | _a[Research and teaching: structure of the processing system design discipline] | |
| 246 | 1 | _a[16th Brazilian Congress of Agricultural Engineering. Annals. v. 2] | |
| 260 | 3 |
_aSao Paulo, SP (Brasil): _c1987. |
|
| 500 | _a16. Congresso Brasileiro de Engenharia Agricola. Anais. v. 2 Sao Paulo, SP (Brasil): 1987. p. 604-610 (BR8901233-AM)Q01 | ||
| 650 | _aTECNOLOGIA DE ALIMENTO | ||
| 650 | _aENSINO SUPERIOR | ||
| 650 | _aCURSO | ||
| 773 | 0 |
_t16. Congresso Brasileiro de Engenharia Agricola. Anais. v. 2 _wQ01 BR8901233 _gSao Paulo, SP (Brasil), 1987. p. 604-610 |
|
| 909 |
_a202404 _bLucia _c55 _dLucia Elande |
||
| 942 |
_cAM _2AGRIS |
||
| 999 |
_c320364 _d320364 |
||